Vowel-less Backwards South America Quiz Stats

 Plays Quiz Updated Apr 6, 2019

Score 0/12 Timer 01:30
6 Plays Today
Vowel-less Country % Correct
LZRBBrazil
95%
LZNVVenezuela
93.6%
VLBBolivia
92.4%
RPPeru
92.1%
LHCChile
91.8%
BMLCColombia
91.7%
GRPParaguay
88.3%
NTNGRArgentina
87.5%
MNRSSuriname
80.2%
GRUruguay
77.2%
RDCEcuador
73%
NGGuyana
71.9%

You're not logged in!

Compare scores with friends on all Sporcle quizzes.
OR
Log In

Sporcle TV

Today on Sporcle TV


Watch our educational content, quiz creation guides, and fun videos on Sporcle TV.

Show Comments

Extras

Top Quizzes Today


Score Distribution

Your Account Isn't Verified!

In order to create a playlist on Sporcle, you need to verify the email address you used during registration. Go to your Sporcle Settings to finish the process.

Report this User

Report this user for behavior that violates our Community Guidelines.

Details: